Child Health in Nigeria : (Record no. 13880)
[ view plain ]
| 000 -LEADER | |
|---|---|
| fixed length control field | 00727nam a2200205Ia 4500 |
| 008 - FIXED-LENGTH DATA ELEMENTS--GENERAL INFORMATION | |
| fixed length control field | 210303s9999 xx 000 0 und d |
| 016 ## - NATIONAL BIBLIOGRAPHIC AGENCY CONTROL NUMBER | |
| Source | retro2021 |
| 020 ## - INTERNATIONAL STANDARD BOOK NUMBER | |
| ISBN | 9789788088486 |
| 040 ## - CATALOGING SOURCE | |
| Original cataloging agency | NLN |
| Language of cataloging | English |
| Description conventions | AACR2 |
| 100 ## - MAIN ENTRY--AUTHOR | |
| Author | GRANGE, Adenike |
| Relator term | aut |
| 245 #0 - TITLE STATEMENT | |
| Title | Child Health in Nigeria : |
| Remainder of title | Who will save our children / |
| Statement of responsibility, etc | Adenike Grange |
| 260 ## - PUBLICATION, DISTRIBUTION, ETC. (IMPRINT) | |
| Place of publication | Ibadan, Oyo State (2, Awosika Avenue, Bodija Estate, U. I. P. O. Box 20222) : |
| Name of publisher | Book Builder Editions Africa, |
| Date of publication | 2008 |
| 300 ## - COLLATION | |
| Pagination | viii, 28p. ; |
| Other physical details | 21cm. |
| 500 ## - GENERAL NOTE | |
| General note | Includes bibliographical references |
| 563 ## - BINDING INFORMATION | |
| Binding note | (pbk) |
| 650 ## - TRACINGS | |
| Main Subject | Children |
| Subdivision (1st) | Health and Hygiene |
| Subdivision (2nd) | Nigeria |
| 942 ## - ADDED ENTRY ELEMENTS (KOHA) | |
| Suppress in OPAC | No |
| Item type | Books |
| 050 ## - LIBRARY OF CONGRESS CALL NUMBER | |
| Classification number | RJ102.5 .N685 |
| Item number | G757 |
| 082 ## - DEWEY DECIMAL CLASSIFICATION NUMBER | |
| Classification number | 362.198920009669 |
| Source of classification or shelving scheme | Not for loan | Home library | Current library | Date acquired | Full call number | Barcode. | Koha item type |
|---|---|---|---|---|---|---|---|
| Library of Congress Classification | IBADAN BRANCH LIBRARY | National Library of Nigeria | 04/03/2021 | RJ102.5.N685 G757 | 2023-1011425756 | Books |
